| 000 | 00360nam a2200157Ia 4500 | ||
|---|---|---|---|
| 008 | 180921t xxu||||| |||| 00| 0 eng d | ||
| 041 | _aeng | ||
| 080 |
_a663.52 _bDIS |
||
| 245 | _aOffer for sale | ||
| 260 | _bDistilleries company | ||
| 300 | _a38p., 30 cm | ||
| 650 | _aMarketing | ||
| 942 | _cBK | ||
| 999 |
_c16616 _d16616 |
||
| 003 | LK-CoDNM | ||
| 040 |
_aLK-CoDNM _dLK-CoDNM _eLK-CoDNM |
||